000 00567nam a22001337a 4500
999 _c528947
_d528947
008 250204b ||||| |||| 00| 0 eng d
100 _aGupta, Krishna Kumar
_950535
245 _aEncouraging the participation of youth in rural fin-coops in India
260 _aThe Cooperator
300 _a62(4), Oct, 2024: p.9-13
520 _aThe cooperative instructions are about 120 year India with the first of these institutions having been brought into existence under cooperative credit societies act, 1904. – Reproduced
773 _aThe Cooperator
942 _cAR